000 00676nam a22002177a 4500
005 20170323102437.0
008 170317b xxu||||| |||| 00| 0 eng d
020 _a9789385876318
_cRs.3500.00(set)
040 _aLoreto College
041 _aEnglish
082 _a371.2
_bNEH
100 _aNehru,R.S.S.
245 _aEncyclopaedia of education measurement and evaluation
_bVol 1: Educational administration,management and planning
_cR.S.S.Nehru
260 _aNew Delhi
_bA.P.H. Publishing
_c2016
300 _axiv,265p
_b22cm
504 _aIncludes bibliographical refereces
650 _aEducation
650 _aSchools-Administration
850 _aLCBED
942 _cBK
999 _c40997
_d91476